Women education and tribal development / (Record no. 57678)

MARC details
000 -LEADER
fixed length control field 00854nam a22002417a 4500
005 - DATE AND TIME OF LATEST TRANSACTION
control field 2011101704204.0
008 - FIXED-LENGTH DATA ELEMENTS--GENERAL INFORMATION
fixed length control field 111017t xxu||||| |||| 00| 0 eng d
010 ## - LCCN (DPL NO)
LC control number ENG-103974
020 ## - INTERNATIONAL STANDARD BOOK NUMBER
Terms of availability 400.00
International Standard Book Number 9788170545552
035 ## - SYSTEM CONTROL NUMBER
System control number EN-87507
037 ## - SOURCE OF ACQUISITION
Source of stock number/acquisition DBAD/PUB
040 ## - CATALOGING SOURCE
Original cataloging agency DPL
Language of cataloging Eng
082 ## - DEWEY DECIMAL CLASSIFICATION NUMBER
Classification number 376.95475
100 ## - MAIN ENTRY--PERSONAL NAME
Personal name Lodha, Alka
9 (RLIN) 35491
245 ## - TITLE STATEMENT
Title Women education and tribal development /
Statement of responsibility, etc by Alka Lodha
260 ## - PUBLICATION, DISTRIBUTION, ETC. (IMPRINT)
Place of publication, distribution, etc New Delhi
Name of publisher, distributor, etc Classical Publishing
Date of publication, distribution, etc 2011
270 ## - ADDRESS
Address 28, Shopping Centre, Karampura,
City New Delhi
Postal code 110015
300 ## - PHYSICAL DESCRIPTION
Extent 159p.
Dimensions 22cm (Hb)
500 ## - GENERAL NOTE
General note Includes bibliographical references
700 ## - ADDED ENTRY--PERSONAL NAME
9 (RLIN) 35492
942 ## - ADDED ENTRY ELEMENTS (KOHA)
Source of classification or shelving scheme Dewey Decimal Classification
Item type English Books
Classification part 376.95475
Call number suffix LOD
Holdings
Withdrawn status Lost status Source of classification or shelving scheme Damaged status Not for loan Collection code Home library Current library Date acquired Source of acquisition Cost, normal purchase price Total Checkouts Full call number Barcode Date last seen Copy number Cost, replacement price Koha item type
    Dewey Decimal Classification   Not For Loan Non-fiction D.B.Act.Division D.B.Act.Division 17/10/2011 DBAD/PUB 400.00   376.95475 LOD EN-87507 17/10/2011 1 400.00 English Books

© Delhi Public Library
Hit Counter
free hit counter